| 000 | 00707nam a2200241Ia 4500 | ||
|---|---|---|---|
| 003 | OSt | ||
| 005 | 20220928104401.0 | ||
| 006 | a|||||r|||| 00| 0 | ||
| 007 | ta | ||
| 008 | 220927b |||||||| |||| 00| 0 eng d | ||
| 024 | _a62348 | ||
| 037 | _cTextual | ||
| 040 |
_aSDCL _cSDCL _beng |
||
| 041 |
_2eng _aeng |
||
| 082 | _aN2,AjN33, N6 | ||
| 100 |
_aSharma R K Ed. _9395007 |
||
| 245 | 0 | _aRecent perspectives on prehistoric art in India and allied subjects | |
| 260 |
_aNew Delhi _bAryan Books International _c1996 |
||
| 300 |
_a280p _ccm. |
||
| 700 |
_a Tripathi K K Ed. _9410194 |
||
| 942 |
_hN2,AjN33, N6 _cTEXL _2CC |
||
| 999 |
_c725793 _d725793 |
||